Hàm số biến số phức
Giới thiệu về số phức, hàm số biến phức, hàm giải tích, lí thuyết tích phân, lí thuyết chuỗi và thặng dư
Сохранить в:
| Главный автор: | |
|---|---|
| Формат: | |
| Язык: | Vietnamese |
| Опубликовано: |
H.
Giáo dục
2010
|
| Редактирование: | Tái bản lần thứ 4 |
| Предметы: | |
| Метки: |
Добавить метку
Нет меток, Требуется 1-ая метка записи!
|
| Thư viện lưu trữ: | Mạng thư viện Đại học Đà Nẵng |
|---|
| LEADER | 01428nam a2200397 4500 | ||
|---|---|---|---|
| 001 | 000016424 | ||
| 003 | 12826 | ||
| 005 | 20121102081125.0 | ||
| 008 | 121102s2010 viesd | ||
| 020 | |c 19000đ | ||
| 041 | 0 | |a vie | |
| 082 | |a 515.9 |b TR-T | ||
| 100 | 0 | |a Trương Văn Thương |e Tác giả | |
| 245 | 0 | |a Hàm số biến số phức |c Trương Văn Thương | |
| 246 | |a Giáo trình dùng cho sinh viên khoa toán các trường đại học sư phạm | ||
| 250 | |a Tái bản lần thứ 4 | ||
| 260 | |a H. |b Giáo dục |c 2010 | ||
| 300 | |a 147 tr. |c 24 cm | ||
| 504 | |a Thư mục: tr. 147 | ||
| 520 | |a Giới thiệu về số phức, hàm số biến phức, hàm giải tích, lí thuyết tích phân, lí thuyết chuỗi và thặng dư | ||
| 650 | |a Hàm số | ||
| 653 | |a Hàm biến phức | ||
| 653 | |a Toán giải tích | ||
| 653 | |a Hàm giải tích | ||
| 653 | |a Giáo trình | ||
| 700 | |a Trương Văn Thương |e Tác giả | ||
| OWN | |a LSP | ||
| AVA | |a UDN50 |b LSP |d 515.9 TR-T |e check_holdings |t Error 5003 Not defined in file expand_doc_bib_avail. |h N |k 1 | ||
| 999 | |a From the UDN01 | ||
| AVA | |a UDN50 |b LSP |d 515.9 TR-T |e available |t Error 5001 Not defined in file expand_doc_bib_avail. |f 25 |g 5 |h N |i 19 |k 1 | ||
| TYP | |a Monograph | ||
| TYP | |a Printed language | ||
| 980 | |a Mạng thư viện Đại học Đà Nẵng | ||